Bailey & Love's Short Practice of Surgery/ (Record no. 204236)

MARC details
000 -LEADER
fixed length control field 00924nam a22002535a 4500
005 - DATE AND TIME OF LATEST TRANSACTION
control field 20240719173524.0
008 - FIXED-LENGTH DATA ELEMENTS--GENERAL INFORMATION
fixed length control field 090911s2009 ii ab b 100 0 eng d
010 ## - LCCN (DPL NO)
LC control number ENG-140924
020 ## - INTERNATIONAL STANDARD BOOK NUMBER
International Standard Book Number 9781444121285
Terms of availability 5150.00
035 ## - SYSTEM CONTROL NUMBER
System control number EN-124456
037 ## - SOURCE OF ACQUISITION
Source of stock number/acquisition DBAD
040 ## - CATALOGING SOURCE
Original cataloging agency DPL
Language of cataloging English
082 ## - DEWEY DECIMAL CLASSIFICATION NUMBER
Classification number 617
Edition number 26
100 ## - MAIN ENTRY--PERSONAL NAME
9 (RLIN) 21552
245 ## - TITLE STATEMENT
Title Bailey & Love's Short Practice of Surgery/
Statement of responsibility, etc Edited By Norman S. Williams; Christopher J.K Bulstrode [and] P. Ronan O'Connell
250 ## - EDITION STATEMENT
Edition statement 26
260 ## - PUBLICATION, DISTRIBUTION, ETC. (IMPRINT)
Place of publication, distribution, etc United States
Name of publisher, distributor, etc CRC Press Taylor & Francis Group
Date of publication, distribution, etc 2013
270 ## - ADDRESS
Address 6000 Broken Sound Parkway NW, Suite 300 Boca Raton Florida
City United States
Postal code 33487-2742
300 ## - PHYSICAL DESCRIPTION
Extent 1517p.
Dimensions 27cm(pbk)
Other physical details Index
700 ## - ADDED ENTRY--PERSONAL NAME
Personal name Williams, Norman S.
Relator term Editor
9 (RLIN) 68637
700 ## - ADDED ENTRY--PERSONAL NAME
Personal name Bulstrode, Christopher J.K
Relator term Editor
9 (RLIN) 68638
700 ## - ADDED ENTRY--PERSONAL NAME
Personal name O'Connell, P. Ronan
Relator term Editor
9 (RLIN) 68639
942 ## - ADDED ENTRY ELEMENTS (KOHA)
Source of classification or shelving scheme Dewey Decimal Classification
Item type English Books
Call number suffix BAI
Classification part 617
Edition 26
Holdings
Withdrawn status Lost status Source of classification or shelving scheme Damaged status Not for loan Collection code Home library Current library Date acquired Source of acquisition Cost, normal purchase price Total Checkouts Full call number Barcode Date last seen Copy number Cost, replacement price Koha item type
    Dewey Decimal Classification   Not For Loan Reference Central Library Central Library 19/07/2024 DBAD 5150.00   BAI 617 EN-124456 19/07/2024 1 5150.00 English Books

© Delhi Public Library
Hit Counter
free hit counter